000 00297nam a22001337a 4500
008 180115b xxu||||| |||| 00| 0 eng d
020 _a9780230206021
041 _aeng
080 _a32
100 _a39
101 _aPOL
245 _aTHE STATESMAN YEARBOOK 2010
_cBARRY.T
942 _2udc
_cBK
999 _c40235
_d40235